| 000 | 00756cam a22002171 4500 | ||
|---|---|---|---|
| 001 | ne 66001140 | ||
| 003 | DLC | ||
| 005 | 20260227111824.0 | ||
| 008 | 760212s1965 xx 000 0 fre | ||
| 010 | _ane 66001140 | ||
| 035 | _a(OCoLC)1987718 | ||
| 040 |
_aDLC _cTxU _dDLC |
||
| 050 | 0 | 0 |
_aHD6475.A1 _bS3 |
| 100 | 1 | _aSallūm, ʻAbd al-Wahhāb. | |
| 245 | 1 | 4 |
_aLes syndicats afro-asiatiques et l'amélioration des conditions du travail et des travailleurs; _cetude comparée par Abdel Wahab El-Salloum. |
| 260 |
_aLe Caire, _bSecrétariat permanent de la solidarité des peuples afro-asiatiques _c[1965] |
||
| 300 |
_a48 p. _c20 cm. |
||
| 490 | 0 |
_aPublications afro-asiatiques, _v13 |
|
| 650 | 0 |
_aLabor unions _zAfrica. |
|
| 650 | 0 |
_aLabor unions _zAsia. |
|
| 999 |
_c48978 _d48978 |
||